000 00510nam a2200169 4500
001 117798
003 ES-MaACL
005 20230906190955.0
007 t|
008 070214s1975 sp r ||||1| spa d
100 1 _aPehnt, Wolfgang.
_989970
245 1 3 _aLa arquitectura expresionista /
_cWolfgang Pehnt ; versión Justo G. Beramendi.
260 _aBarcelona :
_bGustavo Gili,
_c1975.
300 _a235 p. :
_bil ;
_c27 cm.
700 1 _aBeramendi, Justo G.
_927820
852 _aES-MaACL
_jL-7572
_bR.108190
999 _c117798
_d117798